000 00394nam a2200109 a 4500
008 120416nuuuuuuuuxx |||||||||||||| || u
100 _aSmith, R. C
245 1 0 _aEstimating and tendering for building work
260 _cU.S.
350 _a0.00
995 _D0.00
_FCBU-MAIN LIBRARY (Kitwe)
_H1
_I8.95
_M709655
_UDAMAGED
_ZMain Library Open Access Collection
999 _c42490
_d42490